MARC

LEADER 00000nam0a2200000 4500
001 117971
005 20231101215434.0
035 |a (RuTPU)RU\TPU\book\127683 
090 |a 117971 
100 |a 20070607d1974 m y0rusy50 ca 
101 0 |a rus 
102 |a RU 
105 |a a z 000zy 
200 1 |a Палех  |f Е. Ф. Вихрев 
210 |a Ярославль  |c Верхне-Волжское книжное изд-во  |d 1974 
215 |a 232 с.  |c ил. 
606 1 |a Искусство Палеха  |2 stltpush  |3 (RuTPU)RU\TPU\subj\13196  |9 39847 
610 1 |a лаковые изделия 
610 1 |a Палех 
610 1 |a палехская миниатюра 
610 1 |a очерки 
610 1 |a рассказы 
675 |a 745.51  |v 3 
700 1 |a Вихрев  |b Е. Ф.  |g Ефим Федорович 
801 1 |a RU  |b 63413507  |c 20070607  |g PSBO 
801 2 |a RU  |b 63413507  |c 20171212  |g PSBO 
942 |c BK